| 000 | 01141nam a2200301 4500 | ||
|---|---|---|---|
| 003 | EC-UNACH | ||
| 005 | 20251023134838.0 | ||
| 006 | s||||gr|||| 00| 00 | ||
| 008 | 150116t9999 mx r gr 000 0 spa d | ||
| 020 | _a978- 9978-67-382-9 | ||
| 040 |
_aEC-UNACH _cEC-UNACH |
||
| 041 | _aspa | ||
| 082 | 0 | 4 |
_223 _a302.2 _bL017867 |
| 110 | _aGraficas V&M | ||
| 245 | _aAproximaciones a la frontera | ||
| 250 | _aPrimera edición | ||
| 264 |
_aEcuador _bGraficas V&M _c2013 |
||
| 300 | _a307 | ||
| 505 | _a1- Derecho de la vida 2- Desplazamiento y refugio 3- Políticas de cooperación multilaterales 4- Políticas binacionales 5- Investigaciones y estudios sobre la frontera 6- Derechos humanos en zonas de frontera 7- Economía fronteriza 8- Gobernanza de la seguridad en la frontera norte Ecuatoriana. | ||
| 650 | _aProblemática de la violencia | ||
| 650 | _aCooperación transfronteriza | ||
| 650 | _aPlan del buen vivir | ||
| 700 | _aFernando Carrión / Diana Mejía / Johanna Espín | ||
| 942 |
_2ddc _c1 |
||
| 999 | _c14076 | ||